000 00635nam a2200229Ia 4500
003 OSt
005 20221005131532.0
006 a|||||r|||| 00| 0
007 ta
008 221004b |||||||| |||| 00| 0 eng d
024 _a37405
037 _cTextual
040 _aCRL
_cCRL
_beng
041 _2eng
_aeng
082 _aMY31, K1-; 1
100 _aWood Norton Editor
_9639714
245 0 _aSports Illustrated book of bridge by Charles Goren and Editors of sports illustrated
260 _c1961
650 _aINDUSTRIAL ARTS
942 _hMY31, K1-; 1
_cTEXL
_2cc
999 _c1060627
_d1060627